NBA Players with the Highest Net Worth's - Statistics

General Stats
  • This quiz has been taken 24 times
  • The average score is 5 of 10
Answer Stats
# Net Worth Answer % Correct
4. 800 Million LeBron James
100%
1. 3.6 Billion Michael Jordan
100%
2. 1.6 Billion Magic Johnson
74%
5. 500 Million Shaquille O'Neal
74%
8. 400 Million Kevin Durant
65%
6. 500 Million Vinnie Johnson
30%
9. 300 Million Hakeem Olajuwon
26%
3. 1.5 Billion Junior Bridgeman
17%
10. 300 Million David Robinson
9%
7. 470 Million Rick Fox
4%
No matching quizzes found
Score Distribution
Percent of People with Each Score
Percentile by Number Answered
Your Score History
You have not taken this quiz